Taylor Swift mystery lyrics #13 - Statistics

General Stats
  • This quiz has been taken 89 times
  • The average score is 395 of 464
Answer Stats
Answer % Correct
a
100%
I
100%
the
98%
The
98%
you
98%
You
98%
And
97%
and
97%
we
97%
We're
97%
were
97%
your
97%
Your
97%
do
95%
in
95%
me
95%
my
95%
to
95%
all
93%
be
93%
it
93%
It
93%
no
93%
at
92%
there
92%
was
92%
with
92%
like
90%
So
90%
so
90%
that
90%
too
90%
well
90%
are
88%
got
88%
I'm
88%
on
88%
when
88%
again
87%
but
87%
But
87%
can
87%
it's
87%
know
87%
now
87%
Now
87%
of
87%
remember
87%
this
87%
'Cause
85%
'cause
85%
for
85%
left
85%
why
85%
you've
85%
about
83%
get
83%
scarf
83%
up
83%
walk
83%
down
82%
Down
82%
drawer
82%
even
82%
ever
82%
house
82%
night
82%
not
82%
over
82%
sister's
82%
still
82%
air
80%
car
80%
cold
80%
dancing
80%
door
80%
just
80%
light
80%
red
80%
can't
78%
could
78%
felt
78%
home
78%
kitchen
78%
something
78%
by
77%
call
77%
from
77%
here
77%
lost
77%
nothing
77%
Oh
77%
piece
77%
refrigerator
77%
thing
77%
through
77%
walked
77%
back
75%
Back
75%
forget
75%
gone
75%
I'd
75%
keep
75%
made
75%
middle
75%
somehow
75%
stairs
75%
asked
73%
bed
73%
days
73%
first
73%
hair
73%
little
73%
long
73%
lookin'
73%
much
73%
one
73%
past
73%
ran
73%
'round
73%
self
73%
street
73%
team
73%
thinking
73%
Wind
73%
'bout
72%
disposition
72%
'bout
72%
eyed
72%
future
72%
gaze
72%
maybe
72%
name
72%
nights
72%
old
72%
paper
72%
reminds
72%
sweet
72%
telling
72%
town
72%
translation
72%
upstate
72%
used
72%
wide
72%
alone
70%
being
70%
break
70%
casually
70%
cheeks
70%
cruel
70%
find
70%
getting
70%
honest
70%
innocence
70%
loved
70%
lying
70%
mother's
70%
needed
70%
own
70%
promise
70%
sized
70%
smells
70%
stories
70%
tee-ball
70%
things
70%
Time
70%
tore
70%
trying
70%
twin
70%
very
70%
week
70%
after
68%
After
68%
almost
68%
counter
68%
else
68%
enough
68%
glasses
68%
kid
68%
known
68%
masterpiece
68%
picture
68%
rare
68%
real
68%
rid
68%
these
68%
turning
68%
before
67%
into
67%
more
67%
singing
67%
told
67%
album
65%
falling
65%
fine
65%
magic's
65%
okay
65%
pieces
65%
shirt
65%
'til
65%
crumpled
63%
mail
63%
might
63%
Photo
63%
plaid
63%
won't
63%
yeah
63%
Autumn
62%
leaves
62%
paralyzed
60%
place
60%
Running
58%
scared
58%
fly
57%
No matching quizzes found
Score Distribution
Percent of People with Each Score
Percentile by Number Answered
Your Score History
You have not taken this quiz